00490nam a2200169Ia 4500008004100000041001200041082001900053100004400072245004900116365000600165520001300171546001200184630004900196650001300245655001300258730004900271101110s9999 xx 000 0 und d aMARATHI bSR6561a651.37 aJoshi Bhaskar Dattatray, Shejalkar P.C. aChitanisachi Vyavsaypadhati Ani Patravyavhar b8 aCommerce aMARATHI aChitanisachi Vyavsaypadhati Ani Patravyavhar aCommerce aCommerce aChitanisachi Vyavsaypadhati Ani Patravyavhar